| 000 | 00527nam a2200145Ia 4500 | ||
|---|---|---|---|
| 999 |
_c27261 _d27261 |
||
| 041 | _aEnglish | ||
| 082 | _aRP.0340 | ||
| 100 |
_aPande, S.V. _uManasi |
||
| 245 | 0 |
_aRehabilitation of aged : _ba study of functioning and performance of old age homes in India / _cS.V. Pande |
|
| 260 |
_aNew Delhi : _bIndian Council oF Social Science Research, |
||
| 300 | _a205p. | ||
| 536 | _aIndian Council of Social Science Research | ||
| 650 |
_aRehabilitation _vPeer counseling in rehabilitation _xRehabilitation _zIndia |
||
| 942 |
_cRP _2ddc |
||